000 00930nam a2200241 a 4500
001 49551
003 BD-RjUL
005 20211209054708.0
008 160821s1982 ii ||||| |||| 00| 0 ben d
020 _c: IRs 18.00
035 _a(BD-RjUL)49670
040 _aBD-RjUL
_bben
_cBD-RjUL
_dBD-RjUL
041 _aben
082 _223
_a891.44109
_bROG 1982
100 _aরায়, উমা
_9127388
245 1 0 _aগৌড়ীয় বৈষ্ণবীয় রসের অলৌকিকত্ব /
_cউমা রায়
250 _aদে জ ১ম সং.
260 _aকলিকাতা :
_bদে জ পাবলিশিং,
_c১৯৮২
300 _a[১২], ১৯৬ পৃ. ;
_c২১ সেমি.
650 _aবাংলা কবিতা
_9127389
_vইতিহাস ও সমালোচনা
650 _aBengali Poetry
_9127390
_vHistory and Criticism
942 _2ddc
_cBK
999 _c49551
_d49551